| 000 | 00324nam a2200121Ia 4500 | ||
|---|---|---|---|
| 008 | 220901s9999||||xx |||||||||||||| ||und|| | ||
| 082 | _a523.05 NIT | ||
| 100 | _aNityananda, Rajaram | ||
| 245 | 0 | _aJournal of astrophysics and astronimy | |
| 250 | _aVol. 31 Issue 1, 2,3 & 4 | ||
| 260 |
_bSpringer _c2010 |
||
| 650 | _aPhysics | ||
| 999 |
_c193913 _d193913 |
||